000 00335 a2200157 4500
001 56677
020 _a8508075553
040 _cAnchieta - Pituba
100 _aDokey, Cameron
240 1 0 _aJuntos para sempre
_lpor
245 1 0 _aJuntos para sempre
300 _a166
362 0 _a2000
650 4 _aLiteratura juvenil
942 _cBK
999 _c56677
_d56677